Score 0/32 Timer 03:00
0 Plays Today
Hint 4-Letter Word % Correct
Carnivore's choiceMEAT
95%
Curve in the roadBEND
92.2%
Arithmetic averageMEAN
91.4%
🎪 Flat juggling prop with a hole in the center 🎪RING
91.2%
Search engineBING
89.7%
🎪 ___ bag, soft juggling prop 🎪BEAN
88.9%
Tie togetherBIND
88.5%
Tough outer layer like with some fruitRIND
87.6%
Storage unit of hayBALE
87.3%
Actor's partROLE
87.3%
Drop of liquid on a surfaceBEAD
86.5%
🎪 Standard spherical juggling prop 🎪BALL
83.2%
Respiratory rattleRALE
81.3%
Type of evergreen treePINE
81.2%
Particles can be coarse or ___FINE
80.4%
🎪 Lasso, or Trick ___ 🎪ROPE
80%
Hint 4-Letter Word % Correct
Sound made by a bellBONG
78.7%
Bog productPEAT
78.5%
🎪 A torch is how you juggle ___ 🎪FIRE
76.7%
Water conduitPIPE
76.3%
Ready to eatRIPE
75.4%
Financial instrumentBOND
68.3%
CourageousBOLD
67.9%
Bubbly beverageCOLA
65.1%
Rounded seed capsuleBOLL
63.9%
Soft, loose flesh on a bodyFLAB
63.8%
Dismissive or bluntCOLD
60.1%
Lacking sparkleFLAT
59.8%
🎪 Rola ___, wooden plank balanced on PVC pipe 🎪BOLA
56.6%
___ du jour (restaurant special)PLAT
55.7%
To botch or bungleFLUB
53.4%
🎪 Juggling prop often mistaken for a bowling pin 🎪CLUB
44.5%

Today's Daily Dose

Remove Ads.
Support Sporcle.
Get the best of Sporcle when you Go Orange. This ad-free experience offers more features, more stats, and more fun while also helping to support Sporcle. Thank you for becoming a member.

You're not logged in!

Compare scores with friends on all Sporcle quizzes.
OR
Log In

Show Comments

Extras

Top Quizzes Today


Score Distribution

Your Account Isn't Verified!

In order to create a playlist on Sporcle, you need to verify the email address you used during registration. Go to your Sporcle Settings to finish the process.

Report this User

Report this user for behavior that violates our Community Guidelines.

Details: